<?xml version="1.0" encoding="UTF-8"?><?xml-stylesheet type="text/xsl" href="static/style.xsl"?><OAI-PMH xmlns="http://www.openarchives.org/OAI/2.0/" xmlns:xsi="http://www.w3.org/2001/XMLSchema-instance" xsi:schemaLocation="http://www.openarchives.org/OAI/2.0/ http://www.openarchives.org/OAI/2.0/OAI-PMH.xsd"><responseDate>2026-04-17T23:03:30Z</responseDate><request verb="GetRecord" identifier="oai:www.recercat.cat:2117/422798" metadataPrefix="marc">https://recercat.cat/oai/request</request><GetRecord><record><header><identifier>oai:recercat.cat:2117/422798</identifier><datestamp>2026-01-18T01:12:02Z</datestamp><setSpec>com_2072_1033</setSpec><setSpec>col_2072_452949</setSpec></header><metadata><record xmlns="http://www.loc.gov/MARC21/slim" xmlns:dcterms="http://purl.org/dc/terms/" xmlns:xsi="http://www.w3.org/2001/XMLSchema-instance" xmlns:doc="http://www.lyncode.com/xoai" xsi:schemaLocation="http://www.loc.gov/MARC21/slim http://www.loc.gov/standards/marcxml/schema/MARC21slim.xsd">
   <leader>00925njm 22002777a 4500</leader>
   <datafield ind2=" " ind1=" " tag="042">
      <subfield code="a">dc</subfield>
   </datafield>
   <datafield ind2=" " ind1=" " tag="720">
      <subfield code="a">Roitman, Anabella</subfield>
      <subfield code="e">author</subfield>
   </datafield>
   <datafield ind2=" " ind1=" " tag="720">
      <subfield code="a">Ara, María Victoria</subfield>
      <subfield code="e">author</subfield>
   </datafield>
   <datafield ind2=" " ind1=" " tag="720">
      <subfield code="a">Jeria Tapia, Paula</subfield>
      <subfield code="e">author</subfield>
   </datafield>
   <datafield ind2=" " ind1=" " tag="260">
      <subfield code="c">2024-12</subfield>
   </datafield>
   <datafield ind2=" " ind1=" " tag="520">
      <subfield code="a">Feminist urbanism is a political stance in the urban discipline, which implies considering gender perspective, equity, violence prevention, and other aspects. This work takes as its base input a selection of 5 thematic guides, which offer tools for the dissemination of urban planning from a feminist perspective. A methodology based on 6 questions is proposed to carry out its review, diagnosis and comparison, which have as a precedent the comparative table between “Feminist Urbanism” and “Normative Urbanism” (Punt 6, 2019). This work aims to verify it´s efficiency to reveal “where Feminist Urbanism is” within them, and identify what its main contributions are in the transmission of knowledge. The experience allowed a critical approach to each guide, its efficiency in the transfer of concepts and tools associated with Feminist Urbanism, and enabled substantive comparisons to be made between them.</subfield>
   </datafield>
   <datafield ind2=" " ind1=" " tag="520">
      <subfield code="a">El urbanismo feminista es un posicionamiento politico que implica considerar la perspectiva de género dentro de la disciplina urbanistica de forma activa, y aportar soluciones que apunten hacia la equidad en la experiencia cotidiana de la vida urbana. Este trabajo toma como insumo base una selección de 5 guías temáticas que combinan urbanismo y feminismo. El objetivo es identificar sus aportes particulares para la transferencia del conocimiento. Para ello se propone una metodología basada en 6 preguntas, en vías de realizar su diagnóstico y comparativa.La experiencia permitió generar un abordaje crítico de cada guía, chequear su grado de eficiencia en la transferencia de conceptos y herramientas asociables al Urbanismo Feminista, y comparar los 5 casos entre si.</subfield>
   </datafield>
   <datafield ind2=" " ind1=" " tag="520">
      <subfield code="a">Peer Reviewed</subfield>
   </datafield>
   <datafield tag="653" ind2=" " ind1=" ">
      <subfield code="a">Urbanismo feminista</subfield>
   </datafield>
   <datafield tag="653" ind2=" " ind1=" ">
      <subfield code="a">Guías</subfield>
   </datafield>
   <datafield tag="653" ind2=" " ind1=" ">
      <subfield code="a">Técnica</subfield>
   </datafield>
   <datafield tag="653" ind2=" " ind1=" ">
      <subfield code="a">Género</subfield>
   </datafield>
   <datafield tag="653" ind2=" " ind1=" ">
      <subfield code="a">Feminist urbanism</subfield>
   </datafield>
   <datafield tag="653" ind2=" " ind1=" ">
      <subfield code="a">Guides</subfield>
   </datafield>
   <datafield tag="653" ind2=" " ind1=" ">
      <subfield code="a">Technique</subfield>
   </datafield>
   <datafield tag="653" ind2=" " ind1=" ">
      <subfield code="a">Gender</subfield>
   </datafield>
   <datafield ind2="0" ind1="0" tag="245">
      <subfield code="a">Difundir el urbanismo feminista: propuesta metodológica para el análisis de guías temáticas</subfield>
   </datafield>
   <datafield ind2="0" ind1="0" tag="245">
      <subfield code="a">Disseminating feminist urbanism: methodological proposal for the analysis of thematic guides</subfield>
   </datafield>
</record></metadata></record></GetRecord></OAI-PMH>